000 00473nam a2200193Ia 4500
005 20250423101229.0
008 250422s9999 xx 000 0 und d
020 _a9780071318266
050 _aP 90 .D66/
100 _aDominick, Joseph R.
245 4 _aThe dynamics of mass communication : media in transition
250 _a12th ed.
260 _aNew York
260 _bMcGraw-Hill
260 _c2013
300 _a470 p
650 _aMass media.
942 _cBK
999 _c35684
_d35684